000 00610nam a2200169Ia 4500
003 GCL
008 140319s9999 xx 000 0 ara d
040 _aGCL /
_cGCL
082 0 4 _a250
_bزا
100 1 _aالزبيدى , السيد محمد الحسينى
245 1 0 _aاتحاف السادة المتقين بشرح احياء علوم الدين /
_cالزبيدى , السيد محمد الحسينى
260 _a[S.N] :
_bدار الكتب العلمية للنشر والتوزيع ،
_c1989
490 _a
650 0 4 _aالاسلام
650 0 4 _aالفقه الاسلامى
942 _2ddc
_cBK
999 _c57541
_d57541